Les pilotes Alfa Romeo en Formule 1 - Statistiques

Statistiques générales
  • Ce quiz a été pris 218 fois
  • Le résultat moyen est 7 sur 22
Statistiques - réponses
Nb de Grands Prix Saisons Nationalité Pilote % Correct
44 2022-2023 Finlande Valtteri Bottas
96%
44 2022-2023 Chine Guanyu Zhou
95%
58 2019-2021 Finlande Kimi Räikkönen
95%
60 2019-2021 Italie Antonio Giovinazzi
90%
13 1950-1951 Argentine Juan Manuel Fangio
70%
2 2020 Pologne Robert Kubica
67%
13 1950-1951 Italie Giuseppe Farina
55%
15 1981 Etats-Unis Mario Andretti
34%
32 1980, 1982-1983 Italie Andrea de Cesaris
19%
32 1984-1985 Italie Riccardo Patrese
18%
7 1950-1951 Italie Luigi Fagioli
13%
8 1980 France Patrick Depailler
13%
31 1984-1985 Etats-Unis Eddie Cheever
9%
49 1979-1982 Italie Bruno Giacomelli
8%
1 1950 Italie Piero Taruffi
7%
5 1950-1951 Italie Consalvo Sanesi
4%
3 1951 Suisse Emmanuel de Graffenried
4%
4 1951 Italie Felice Bonetto
4%
15 1983 Italie Mauro Baldi
4%
1 1951 Allemagne Paul Pietsch
4%
1 1950 Etats-Unis Reg Parnell
4%
4 1979-1980 Italie Vittorio Brambilla
4%
Aucun quiz correspondant
Distribution des résultats
% des personnes avec chaque résultat
Percentile par nombre de réponses
Votre historique - résultats
Vous n’avez pas pris ce quiz